<?xml version="1.0" encoding="UTF-8"?>
<record
    xmlns:xsi="http://www.w3.org/2001/XMLSchema-instance"
    xsi:schemaLocation="http://www.loc.gov/MARC21/slim http://www.loc.gov/standards/marcxml/schema/MARC21slim.xsd"
    xmlns="http://www.loc.gov/MARC21/slim">

  <leader>01062nam0a2200289   4500</leader>
  <controlfield tag="001">RU\NLR\b_ik\121743</controlfield>
  <controlfield tag="005">20260406135515.0</controlfield>
  <datafield tag="010" ind1=" " ind2=" ">
    <subfield code="a">5-8346-0175-8</subfield>
    <subfield code="9">5000</subfield>
  </datafield>
  <datafield tag="035" ind1=" " ind2=" ">
    <subfield code="a">(NLR Aleph) 002195266</subfield>
  </datafield>
  <datafield tag="090" ind1=" " ind2=" ">
    <subfield code="a">2966964</subfield>
    <subfield code="c">2966964</subfield>
  </datafield>
  <datafield tag="100" ind1=" " ind2=" ">
    <subfield code="a">20041217d2005    |||y0rusy50      ca</subfield>
  </datafield>
  <datafield tag="101" ind1="0" ind2=" ">
    <subfield code="a">eng</subfield>
  </datafield>
  <datafield tag="102" ind1=" " ind2=" ">
    <subfield code="a">RU</subfield>
  </datafield>
  <datafield tag="105" ind1=" " ind2=" ">
    <subfield code="a">y   |||||||||</subfield>
  </datafield>
  <datafield tag="200" ind1="1" ind2=" ">
    <subfield code="a">The razor's edge</subfield>
    <subfield code="e">[&#x41A;&#x43D;. &#x434;&#x43B;&#x44F; &#x447;&#x442;&#x435;&#x43D;&#x438;&#x44F; &#x43D;&#x430; &#x430;&#x43D;&#x433;&#x43B;. &#x44F;&#x437;.]</subfield>
    <subfield code="f">William Somerset Maugham</subfield>
    <subfield code="g">[&#x41A;&#x43E;&#x43C;&#x43C;&#x435;&#x43D;&#x442;. &#x41C;.&#x412;. &#x414;&#x44C;&#x44F;&#x447;&#x43A;&#x43E;&#x432;&#x430;]</subfield>
  </datafield>
  <datafield tag="210" ind1=" " ind2=" ">
    <subfield code="a">&#x41C;.</subfield>
    <subfield code="c">&#x41C;&#x435;&#x43D;&#x435;&#x434;&#x436;&#x435;&#x440;</subfield>
    <subfield code="d">[2005]</subfield>
  </datafield>
  <datafield tag="215" ind1=" " ind2=" ">
    <subfield code="a">319 &#x441;.</subfield>
    <subfield code="d">20</subfield>
  </datafield>
  <datafield tag="300" ind1=" " ind2=" ">
    <subfield code="a">&#x412; &#x432;&#x44B;&#x43F;. &#x434;&#x430;&#x43D;.: &#x41E;&#x441;&#x442;&#x440;&#x438;&#x435; &#x431;&#x440;&#x438;&#x442;&#x432;&#x44B; / &#x423;.&#x421;. &#x41C;&#x43E;&#x44D;&#x43C;</subfield>
  </datafield>
  <datafield tag="517" ind1="0" ind2=" ">
    <subfield code="a">&#x41E;&#x441;&#x442;&#x440;&#x438;&#x435; &#x431;&#x440;&#x438;&#x442;&#x432;&#x44B;</subfield>
  </datafield>
  <datafield tag="606" ind1="0" ind2=" ">
    <subfield code="a">&#x410;&#x43D;&#x433;&#x43B;&#x438;&#x439;&#x441;&#x43A;&#x438;&#x439; &#x44F;&#x437;&#x44B;&#x43A;</subfield>
    <subfield code="j">&#x425;&#x440;&#x435;&#x441;&#x442;&#x43E;&#x43C;&#x430;&#x442;&#x438;&#x438;</subfield>
    <subfield code="9">972309</subfield>
    <subfield code="3">RU\NLR\AUTH\6646032</subfield>
  </datafield>
  <datafield tag="686" ind1="4" ind2=" ">
    <subfield code="a">&#x428;6(4&#x412;&#x43B;)61-440.4{&#x41B;&#x445;1298.1-50}</subfield>
  </datafield>
  <datafield tag="686" ind1="4" ind2=" ">
    <subfield code="a">&#x428;143.21-93&#x440;&#x443;&#x441; 91</subfield>
  </datafield>
  <datafield tag="700" ind1=" " ind2="1">
    <subfield code="4">070</subfield>
    <subfield code="8">eng</subfield>
    <subfield code="7">ba</subfield>
    <subfield code="a">Maugham</subfield>
    <subfield code="b">W. S.</subfield>
    <subfield code="f">1874-1965</subfield>
    <subfield code="g">William Somerset</subfield>
    <subfield code="3">RU\NLR\AUTH\772691</subfield>
    <subfield code="9">112699</subfield>
  </datafield>
  <datafield tag="801" ind1=" " ind2="0">
    <subfield code="a">RU</subfield>
    <subfield code="b">NLR</subfield>
    <subfield code="c">20040324</subfield>
    <subfield code="g">PSBO</subfield>
  </datafield>
  <datafield tag="942" ind1=" " ind2=" ">
    <subfield code="c">BOOK</subfield>
  </datafield>
  <datafield tag="980" ind1=" " ind2=" ">
    <subfield code="a">NB</subfield>
  </datafield>
  <datafield tag="995" ind1=" " ind2=" ">
    <subfield code="5">2004-12-17</subfield>
    <subfield code="a">ad</subfield>
    <subfield code="b">NLR01</subfield>
    <subfield code="c">NLR01</subfield>
    <subfield code="e">IF</subfield>
    <subfield code="f">1032432</subfield>
    <subfield code="k">&#x418;&#x43A; 2004-3/1495</subfield>
    <subfield code="o">0</subfield>
    <subfield code="r">BOOK</subfield>
    <subfield code="s">_200431495</subfield>
    <subfield code="u"> ;  </subfield>
  </datafield>
</record>
